<?xml version="1.0" encoding="UTF-8"?>
<record
    xmlns:xsi="http://www.w3.org/2001/XMLSchema-instance"
    xsi:schemaLocation="http://www.loc.gov/MARC21/slim http://www.loc.gov/standards/marcxml/schema/MARC21slim.xsd"
    xmlns="http://www.loc.gov/MARC21/slim">

  <leader>01927nam a22001697a 4500</leader>
  <controlfield tag="008">180727b        xxu||||| |||| 00| 0 eng d</controlfield>
  <datafield tag="020" ind1=" " ind2=" ">
    <subfield code="a">9781292086590</subfield>
  </datafield>
  <datafield tag="050" ind1=" " ind2=" ">
    <subfield code="a">HF5635.W443</subfield>
  </datafield>
  <datafield tag="100" ind1=" " ind2=" ">
    <subfield code="a">Weetman, Pauline.</subfield>
  </datafield>
  <datafield tag="245" ind1=" " ind2=" ">
    <subfield code="a">Financial and management accounting. /</subfield>
    <subfield code="c">Pauline Weetman.</subfield>
  </datafield>
  <datafield tag="250" ind1=" " ind2=" ">
    <subfield code="a">7th ed.</subfield>
  </datafield>
  <datafield tag="260" ind1=" " ind2=" ">
    <subfield code="a">New York :</subfield>
    <subfield code="b">Pearson,</subfield>
    <subfield code="c">2016.</subfield>
  </datafield>
  <datafield tag="300" ind1=" " ind2=" ">
    <subfield code="a">xxi, 726p. :</subfield>
    <subfield code="b">col. ill. ;</subfield>
    <subfield code="c">27 cm.</subfield>
  </datafield>
  <datafield tag="500" ind1=" " ind2=" ">
    <subfield code="a">Includes appendix and index.</subfield>
  </datafield>
  <datafield tag="505" ind1=" " ind2=" ">
    <subfield code="a">Contents:  Financial accounting: Part 1: A conceptual framework: setting the scene -- 1. Who needs accounting? -- 2. A systematic approach to financial equation -- 3. Financial statements from the accounting equation -- 4. Ensuring the quality of financial statements -- Part 2: Reporting the transactions of a business: 5. Accounting information for service businesses -- 6. Accounting information for trading businesses -- Part 3: Recognition in financial statements: 7. Published financial statements -- 8. Non-current (fixed) assets -- 9. Current assets -- 10. Current liabilities -- 11. Provisions and non-current (long-term) liabilities  -- 12. Ownership interest -- Part 4: Analysis and issues in reporting: 13. Ratio analysis -- 14. Reporting corporate performance -- 15. Reporting cash flows -- Management accounting: Part 5: Setting the scene and defining the basic tools of management accounting:  16. Functions of management accounting -- 17. Classification of costs -- 18. Product costs: materials, labour and overheads -- Part 6: Job costs and stock valuation: 19. Job costing -- Part 7: Decision making: 20. Break-even analysis and short-term decision making -- Part 8: Planning and control: 21.Preparing a budget -- 22. Standard costs -- 23. Performance evaluation and feedback reporting -- Part 9: Capital investment appraisal and business strategy: 24. Capital investment appraisal -- 25. Business strategy and management accounting.</subfield>
  </datafield>
  <datafield tag="942" ind1=" " ind2=" ">
    <subfield code="2">lcc</subfield>
    <subfield code="c">BK</subfield>
  </datafield>
  <datafield tag="999" ind1=" " ind2=" ">
    <subfield code="c">6609</subfield>
    <subfield code="d">14109</subfield>
  </datafield>
  <datafield tag="952" ind1=" " ind2=" ">
    <subfield code="0">0</subfield>
    <subfield code="1">0</subfield>
    <subfield code="2">lcc</subfield>
    <subfield code="4">0</subfield>
    <subfield code="7">0</subfield>
    <subfield code="a">WIUC-1</subfield>
    <subfield code="b">WIUC-1</subfield>
    <subfield code="c">REF</subfield>
    <subfield code="d">2018-07-27</subfield>
    <subfield code="l">0</subfield>
    <subfield code="o">HF5635.W443</subfield>
    <subfield code="p">8222/040/18</subfield>
    <subfield code="r">2018-07-27 00:00:00</subfield>
    <subfield code="t">1</subfield>
    <subfield code="w">2018-07-27</subfield>
    <subfield code="y">BK</subfield>
  </datafield>
  <datafield tag="952" ind1=" " ind2=" ">
    <subfield code="0">0</subfield>
    <subfield code="1">0</subfield>
    <subfield code="2">lcc</subfield>
    <subfield code="4">0</subfield>
    <subfield code="7">0</subfield>
    <subfield code="a">WIUC-1</subfield>
    <subfield code="b">WIUC-1</subfield>
    <subfield code="c">REF</subfield>
    <subfield code="d">2018-07-27</subfield>
    <subfield code="l">0</subfield>
    <subfield code="o">HF5635.W4431</subfield>
    <subfield code="p">8223/041/18</subfield>
    <subfield code="r">2018-07-27 00:00:00</subfield>
    <subfield code="t">2</subfield>
    <subfield code="w">2018-07-27</subfield>
    <subfield code="y">BK</subfield>
  </datafield>
  <datafield tag="952" ind1=" " ind2=" ">
    <subfield code="0">0</subfield>
    <subfield code="1">0</subfield>
    <subfield code="2">lcc</subfield>
    <subfield code="4">0</subfield>
    <subfield code="7">0</subfield>
    <subfield code="a">WIUC-1</subfield>
    <subfield code="b">WIUC-1</subfield>
    <subfield code="c">REF</subfield>
    <subfield code="d">2018-07-27</subfield>
    <subfield code="l">0</subfield>
    <subfield code="o">HF5635.W4432</subfield>
    <subfield code="p">8324/143/18</subfield>
    <subfield code="r">2018-07-27 00:00:00</subfield>
    <subfield code="t">3</subfield>
    <subfield code="w">2018-07-27</subfield>
    <subfield code="y">BK</subfield>
  </datafield>
  <datafield tag="952" ind1=" " ind2=" ">
    <subfield code="0">0</subfield>
    <subfield code="1">0</subfield>
    <subfield code="2">lcc</subfield>
    <subfield code="4">0</subfield>
    <subfield code="7">0</subfield>
    <subfield code="a">WIUC-KL</subfield>
    <subfield code="b">WIUC-KL</subfield>
    <subfield code="c">GEN</subfield>
    <subfield code="d">2019-11-04</subfield>
    <subfield code="o">HF5635.W44(7e)</subfield>
    <subfield code="p">K/1208/1208/19</subfield>
    <subfield code="r">2021-09-30 00:00:00</subfield>
    <subfield code="t">1</subfield>
    <subfield code="w">2018-07-27</subfield>
    <subfield code="y">BK</subfield>
  </datafield>
  <datafield tag="952" ind1=" " ind2=" ">
    <subfield code="0">0</subfield>
    <subfield code="1">0</subfield>
    <subfield code="2">lcc</subfield>
    <subfield code="4">0</subfield>
    <subfield code="7">0</subfield>
    <subfield code="a">WIUC-KL</subfield>
    <subfield code="b">WIUC-KL</subfield>
    <subfield code="c">GEN</subfield>
    <subfield code="d">2019-11-04</subfield>
    <subfield code="l">0</subfield>
    <subfield code="o">HF5635.W441(7e)</subfield>
    <subfield code="p">K/1209/1209/19</subfield>
    <subfield code="r">2021-09-30 00:00:00</subfield>
    <subfield code="t">2</subfield>
    <subfield code="w">2018-07-27</subfield>
    <subfield code="y">BK</subfield>
  </datafield>
  <datafield tag="952" ind1=" " ind2=" ">
    <subfield code="0">0</subfield>
    <subfield code="1">0</subfield>
    <subfield code="2">lcc</subfield>
    <subfield code="4">0</subfield>
    <subfield code="7">0</subfield>
    <subfield code="a">WIUC-KL</subfield>
    <subfield code="b">WIUC-KL</subfield>
    <subfield code="c">GEN</subfield>
    <subfield code="d">2019-11-06</subfield>
    <subfield code="l">0</subfield>
    <subfield code="o">HF5635.W442(7e)</subfield>
    <subfield code="p">K/1357/1357/19</subfield>
    <subfield code="r">2021-09-30 00:00:00</subfield>
    <subfield code="t">3</subfield>
    <subfield code="w">2018-07-27</subfield>
    <subfield code="y">BK</subfield>
  </datafield>
  <datafield tag="952" ind1=" " ind2=" ">
    <subfield code="0">0</subfield>
    <subfield code="1">0</subfield>
    <subfield code="2">lcc</subfield>
    <subfield code="4">0</subfield>
    <subfield code="7">0</subfield>
    <subfield code="a">WIUC-1</subfield>
    <subfield code="b">WIUC-1</subfield>
    <subfield code="c">REF</subfield>
    <subfield code="d">2018-07-27</subfield>
    <subfield code="o">HF5635.W4433(7e)</subfield>
    <subfield code="p">8732/184/20</subfield>
    <subfield code="r">2022-01-28 00:00:00</subfield>
    <subfield code="t">4</subfield>
    <subfield code="w">2018-07-27</subfield>
    <subfield code="y">BK</subfield>
  </datafield>
  <datafield tag="952" ind1=" " ind2=" ">
    <subfield code="0">0</subfield>
    <subfield code="1">0</subfield>
    <subfield code="2">lcc</subfield>
    <subfield code="4">0</subfield>
    <subfield code="7">0</subfield>
    <subfield code="a">WIUC-1</subfield>
    <subfield code="b">WIUC-1</subfield>
    <subfield code="c">REF</subfield>
    <subfield code="d">2018-07-27</subfield>
    <subfield code="o">HF5635.W4434(7e)</subfield>
    <subfield code="p">8733/185/20</subfield>
    <subfield code="r">2022-01-28 00:00:00</subfield>
    <subfield code="t">5</subfield>
    <subfield code="w">2018-07-27</subfield>
    <subfield code="y">BK</subfield>
  </datafield>
  <datafield tag="952" ind1=" " ind2=" ">
    <subfield code="0">0</subfield>
    <subfield code="1">0</subfield>
    <subfield code="2">lcc</subfield>
    <subfield code="4">0</subfield>
    <subfield code="7">0</subfield>
    <subfield code="a">WIUC-1</subfield>
    <subfield code="b">WIUC-1</subfield>
    <subfield code="c">REF</subfield>
    <subfield code="d">2018-07-27</subfield>
    <subfield code="o">HF5635.W4435(7e)</subfield>
    <subfield code="p">8734/186/20</subfield>
    <subfield code="r">2022-01-28 00:00:00</subfield>
    <subfield code="t">6</subfield>
    <subfield code="w">2018-07-27</subfield>
    <subfield code="y">BK</subfield>
  </datafield>
</record>
